000 00554nam a2200169 a 4500
001 000044598
005 20201002045505.0
008 140721s1984 sp ac 000 0 spa d
020 _a843981710x
040 _aDO-SdBNP
_bspa
_cBNPHU
082 _axxxx
_bxxxx
100 1 _aArribas, Miguel María,
_d1932-
_972628
245 1 3 _aUn periodista mártir /
_cMiguel María Arribas.
260 _aMadrid :
_bConferencia de Provinciales de la Región Ibérica Carmelita,
_c1984.
300 _a374 p. :
_bil., retrs. ;
_c21 cm.
504 _aBibliografía : p. 371-374
999 _c44087
_d44087